| 000 | 00853nam a2200265 a 4500 | ||
|---|---|---|---|
| 001 | BRL_707 | ||
| 005 | 20190320210849.0 | ||
| 008 | 270913s--------ck-#######---#000-0#spa-# | ||
| 020 | _a958060035X | ||
| 041 | _aspa | ||
| 044 | _ack | ||
| 050 | 4 |
_aF3100 _b.G37 1986 |
|
| 100 | 1 |
_aGarcía Márquez, Gabriel _d1927-2014 _924698 |
|
| 245 | 1 | 0 |
_aAventura de Miguel Littín, clandestino en Chile _cun reportaje de Gabriel García Márquez. |
| 260 |
_aBogota, Colombia _bObeja negra/ Ediorial Diana _c1986 |
||
| 300 |
_a152 p. _c21 cm. |
||
| 440 | 0 |
_aColección Periodística _924699 |
|
| 500 | _aAu779 | ||
| 600 | 1 | 4 |
_aLittín, Miguel _xViajes _zChile _924700 |
| 650 | 1 | 4 |
_aExiliados _vBiografía _zChile _924701 |
| 651 | 4 |
_aChile _xDescripción y viajes _99691 |
|
| 651 | 4 |
_aChile _xPolítica y gobierno _y1973-1988 _924702 |
|
| 902 | _aGRL | ||
| 942 |
_2lcc _cB |
||
| 999 |
_c9519 _d9519 |
||